header

European integration in the 21st century (Record no. 53490)

MARC details
000 -LEADER
fixed length control field 02280nam a2200361 a 4500
082 04 - DEWEY DECIMAL CLASSIFICATION NUMBER
Classification number 337.142
245 00 - TITLE STATEMENT
Title European integration in the 21st century
260 ## - PUBLICATION, DISTRIBUTION, ETC. (IMPRINT)
Place of publication London ;
-- Thousand Oaks, Calif. :
Name of publisher SAGE Publications,
Year of publication 2002.
300 ## - PHYSICAL DESCRIPTION
Number of Pages xii, 220 p.
505 8# - FORMATTED CONTENTS NOTE
Formatted contents note Machine generated contents note: Introduction: Unity in Diversity - the Challenge for the EU -- Stefano Fella -- Historical Teleologies -- Alan S. Milward -- 2 The EU and Eastern Europe: Diversity without Unity? -- Peter Gowan -- 3 Future Paths to European Security -- El2bieta StadtmOller -- 4 The Future of Small States in the EU -- Esko Antola -- 5 Emerging Integration in Policing and Criminal Justice -- Madeleine Colvin -- 6 Towards Network Democracy? The Potential of Flexible Integration -- Alex Warleigh -- 7 The Euro: A Future International Currency? -- Kevin Boles, Frank McDonald and Nigel Healey -- 8 Social Integration in the European Union: Towards a Single Social Area? -- Monica Threlfall -- 9 Cultural Policy in the EU and the European Identity -- Enrique Banus -- 10 Towards a European Language Policy -- Christina Julios -- Conclusion: Possible European Futures -- Mary Farrell.
700 1# - ADDED ENTRY--PERSONAL NAME
Personal name Farrell, Mary,
Personal name Fella, Stefano.
Personal name Newman, Michael,
856 40 - ELECTRONIC LOCATION AND ACCESS
Uniform Resource Identifier http://site.ebrary.com/lib/rucke/Doc?id=10076704

No items available.

© 2026 Rongo University
Contact us: librarian | system librarian | Rongo university